| 000 | 00558nam a2200169 4500 | ||
|---|---|---|---|
| 001 | 137678 | ||
| 003 | ES-MaACL | ||
| 005 | 20230906195424.0 | ||
| 007 | t| | ||
| 008 | 070214s1914 fr r ||||1| fre d | ||
| 100 | 1 |
_aSaleilles, Raymond. _9101868 |
|
| 245 | 1 | 0 |
_aÉtude sur la théorie générale de l'obligation d'après le premier projet de Code Civil pour l'Empire Allemand / _cpar Raymond Saleilles. |
| 250 | _a3e éd. | ||
| 260 |
_aParis : _bF. Pichon et Durand-Auzias, _c1914. |
||
| 300 |
_aXVI, 476 p. ; _c23 x 15 cm. |
||
| 852 |
_aES-MaACL _jF-5693 |
||
| 999 |
_c137678 _d137678 |
||